00576nam a2200193Ia 450000500170000000800410001702000140005804000190007204100120009108200150010310000190011824500730013726000480021030000160025844000460027450400340032070000180035485000100037220240327100258.0131103s9999 xx 000 0 und d a521649900 aLoreto College aEnglish a420.7bMCK aMcKay, Heather aTeaching adult second language learnerscHeather McKay & Abigail Tom aCambridgebCambridge University Pressc1999 aviii,234p.  aCambridge Handbooks for Language Teachers aIncludes bibliography & index aTom, Abigail  aLCBED